Villes de france qui comptent le plus de stades - Statistiques

Statistiques générales
  • Ce quiz a été pris 155 fois
  • Le résultat moyen est 19 sur 30
Statistiques - réponses
Dpt. Ville Nbre de Stades % Correct
75 Paris 46
100%
69 Lyon 22
99%
13 Marseille 25
99%
33 Bordeaux 7
92%
44 Nantes 17
91%
31 Toulouse 16
91%
35 Rennes 9
85%
34 Montpellier 7
80%
67 Strasbourg 8
80%
29 Brest 13
78%
42 Saint-Étienne 9
78%
974 Saint-Denis 9
76%
93 Saint-Denis 7
76%
57 Metz 10
72%
21 Dijon 12
68%
49 Angers 30
67%
51 Reims 19
67%
72 Le Mans 12
54%
37 Tours 8
53%
66 Perpignan 7
48%
94 Créteil 11
41%
25 Besançon 7
38%
01 Bourg-en-Bresse 8
36%
85 La-Roche-sur-Yon 7
33%
90 Belfort 7
32%
16 Angoulême 7
30%
49 Cholet 9
28%
974 Saint-Paul 8
28%
49 Saumur 7
21%
974 Le Tampon 9
20%
Aucun quiz correspondant
Distribution des résultats
% des personnes avec chaque résultat
Percentile par nombre de réponses
Votre historique - résultats
Vous n’avez pas pris ce quiz